Năng lượng khinh khí

Đã lưu trong:
书目详细资料
Những tác giả chính:  Năng lượng khinh khí,  Ông, Sử Liệt
格式: Sách
语言:Undetermined
出版:  Bách khoa Hà Nội  2017
主题:
标签: 添加标签
没有标签, 成为第一个标记此记录!
Thư viện lưu trữ: Trung tâm Thư viện - Trường Đại học Công nghiệp TP. Hồ Chí Minh
LEADER 00549nam a2200157Ia 4500
001 UIH_08109
008 241002s9999 xx 000 0 und d
082 |a  333.794 
100 |a  Năng lượng khinh khí 
100 |a  Ông, Sử Liệt 
245 0 |a  Năng lượng khinh khí 
260 |b  Bách khoa Hà Nội 
260 |c  2017 
650 |a Năng lượng nguyên tử; Năng lượng khinh khí 
927 |a Sách 
980 |a Trung tâm Thư viện - Trường Đại học Công nghiệp TP. Hồ Chí Minh